[Event "Reunion op 09th"]
[Site "Reunion"]
[Date "2007.10.20"]
[Round "8"]
[White "Blard, Anthony"]
[Black "Lorans, Maxime"]
[Result "1-0"]
[WhiteElo "1410"]
[BlackElo "1009"]
[PlyCount "59"]
[EventDate "2007.10.14"]
[EventType "swiss"]
[EventRounds "9"]
[EventCountry "RUF"]
[SourceTitle "EXT 2012"]
[Source "ChessBase"]
[SourceDate "2011.11.24"]
[SourceVersion "1"]
[SourceVersionDate "2011.11.24"]
[SourceQuality "1"]

1. e4 d5 2. d3 dxe4 3. Nc3 Bf5 4. dxe4 Qxd1+ 5. Nxd1 Bxe4 6. Ne3 e5 7. Be2 Bc5 8. Nf3 Nc6 9. c3 Bd6 10. 0-0 Nf6 11. Rd1 Bxf3 12. Bxf3 e4 13. Be2 Rd8 14. Nc4 0-0 15. Bg5 Be7 16. Re1 Nd5 17. Bxe7 Ncxe7 18. Bf1 Nf6 19. f3 b5 20. Ne5 Rd5 21. Nd3 Rxd3 22. Bxd3 exd3 23. Rxe7 Nd5 24. Re5 Nf4 25. Rd1 Ne2+ 26. Kf2 Rc8 27. Rxd3 Nf4 28. Rde3 Rd8 29. Re8+ Rxe8 30. Rxe8# 1-0

[Event "Reunion op 08th"]
[Site "Etang Sale"]
[Date "2006.10.19"]
[Round "7"]
[White "Blard, Anthony"]
[Black "Farnier, Alain"]
[Result "0-1"]
[WhiteElo "1170"]
[BlackElo "1320"]
[PlyCount "42"]
[EventDate "2006.10.14"]
[EventType "swiss"]
[EventRounds "9"]
[EventCountry "FRA"]
[SourceTitle "EXT 2007"]
[Source "ChessBase"]
[SourceDate "2006.11.23"]
[SourceVersion "1"]
[SourceVersionDate "2006.11.23"]
[SourceQuality "1"]

1. e4 e6 2. Nf3 h6 3. Nc3 a6 4. Be2 Ne7 5. d3 g5 6. b3 Ng6 7. Bb2 Rg8 8. d4 g4 9. Nd2 h5 10. h3 gxh3 11. Rxh3 Nf4 12. Rg3 Rxg3 13. fxg3 Nxg2+ 14. Kf2 Nh4 15. gxh4 Qxh4+ 16. Ke3 Bh6+ 17. Kd3 Qf4 18. Qe1 Qe3+ 19. Kc4 b5+ 20. Kb4 Bf8+ 21. Ka5 Nc6# 0-1

[Event "Reunion op 07th"]
[Site "Reunion"]
[Date "2004.10.13"]
[Round "5"]
[White "Blard, Anthony"]
[Black "Lombardie, Floriane"]
[Result "1-0"]
[WhiteElo "1110"]
[BlackElo "1199"]
[PlyCount "49"]
[EventDate "2004.10.09"]
[EventType "swiss"]
[EventRounds "9"]
[EventCountry "RUF"]
[SourceTitle "CBM 102 Extra"]
[Source "ChessBase"]
[SourceDate "2004.11.03"]
[SourceVersion "1"]
[SourceVersionDate "2004.11.03"]
[SourceQuality "1"]

1. e4 e5 2. Nf3 Nc6 3. Nc3 Nf6 4. Bb5 d6 5. d3 Bg4 6. Bd2 Be7 7. 0-0 0-0 8. a3 Bxf3 9. Qxf3 Nd7 10. Bxc6 bxc6 11. Qg4 Nf6 12. Qd1 d5 13. exd5 cxd5 14. Qe1 e4 15. dxe4 d4 16. Ne2 Nxe4 17. c3 dxc3 18. Bxc3 Bc5 19. Kh1 f5 20. f3 Nf2+ 21. Rxf2 Bxf2 22. Qxf2 f4 23. Nxf4 Rxf4 24. Qg3 Rf5 25. Qxg7# 1-0